| 000 | 00409nam a2200097 4500 | ||
|---|---|---|---|
| 999 |
_c522194 _d522194 |
||
| 082 | _aL906x5442 CA/ 2021-22 | ||
| 100 |
_aGovernment Of Maharashtra _936907 |
||
| 245 |
_aReport Of The Comptroller and Auditor General of India On The Efficacy Of Implementation Of Seventy- Fourth Constitutional Amendment Act In Maharashtra _cby Government Of Maharashtra |
||
| 260 |
_aMaharashtra _bThe author _c2022 |
||
| 300 | _a63p. | ||